[Event "Titled Tuesday intern op 31st Oct Late"]
[Site "Chess.com INT"]
[Date "2023.10.31"]
[Round "10"]
[White "Skatchkov, Valery"]
[Black "Blanco Ronquillo, Humberto L"]
[Result "0-1"]
[WhiteElo "2213"]
[BlackElo "2442"]
[PlyCount "62"]
[EventDate "2023.10.31"]
[EventType "swiss (blitz)"]
[EventRounds "11"]
[EventCountry "USA"]
[SourceTitle "EXT 2025"]
[Source "ChessBase"]
[SourceDate "2024.10.14"]
[SourceVersion "1"]
[SourceVersionDate "2024.10.14"]
[SourceQuality "1"]

1. d4 d5 2. c4 e6 3. Nf3 Nf6 4. g3 dxc4 5. Bg2 c5 6. 0-0 Nc6 7. Qa4 Bd7 8. Qxc4 b5 9. Qd3 c4 10. Qd1 Rc8 11. a4 b4 12. Nbd2 Na5 13. Qc2 Be7 14. Ne5 c3 15. bxc3 Rxc3 16. Qb1 0-0 17. Bb2 Rc8 18. Qd3 Qb6 19. Ne4 Rfd8 20. Nxd7 Rxd7 21. Rfc1 Rdc7 22. Rxc7 Rxc7 23. Rb1 Nd5 24. h4 h6 25. Nc5 Bxc5 26. dxc5 Qxc5 27. Bd4 Qc4 28. Qxc4 Rxc4 29. Bxa7 Nc3 30. Rb2 Nxa4 31. Ra2 b3 0-1